Fußballlogos - Statistiken

Allgemein
  • Dieses Quiz wurde 3.228 mal gespielt
  • Das Durchschnittsergebnis liegt bei 15 aus 16
Antwortstatistiken
Bildquiz Antwort % Korrekt
Nürnberg
99%
Schalke
99%
Augsburg
98%
Union
98%
Braunschweig
97%
Frankfurt
97%
Bremen
96%
Freiburg
96%
Hannover
96%
Stuttgart
96%
Bielefeld
95%
Kaiserslautern
95%
Düsseldorf
94%
Regensburg
93%
Karlsruhe
89%
Mönchengladbach
87%
Keine übereinstimmenden Quizze gefunden
Verteilung der Resultate
Anzahl Personen mit jedem Resultat
Perzentil nach korrekt beantworteten Fragen
Ihre Resultats-Entwicklung
Sie haben dieses Quiz noch nicht gespielt